| 000 | 04834cam a22004338i 4500 | ||
|---|---|---|---|
| 001 | 23123627 | ||
| 005 | 20250424153433.0 | ||
| 008 | 230511s2023 nju b 001 0 eng | ||
| 010 | _a 2023019043 | ||
| 020 | _a9780691250182 | ||
| 037 | _cTB | ||
| 040 |
_aCRL _beng _erda _cCRL _dCRL |
||
| 041 |
_2eng _aeng |
||
| 042 | _apcc | ||
| 050 | 0 | 0 |
_aJC233.H46 _bB664 2023 |
| 084 |
_aR3xL70 R3 _qCRL |
||
| 100 | 1 |
_aBourke, Richard _eauthor. _9752942 |
|
| 245 | 1 | 0 | _aHegel's world revolutions |
| 260 |
_aPrinceton, USA: _bPrinceton University Press, _c2023. |
||
| 300 |
_axvi, 321p. _c24 cm |
||
| 336 |
_atext _btxt _2rdacontent |
||
| 337 |
_aunmediated _bn _2rdamedia |
||
| 338 |
_avolume _bnc _2rdacarrier |
||
| 365 |
_b29.95 _cUSD |
||
| 504 | _aIncludes bibliographical references and index. | ||
| 505 | 0 | _aIntroduction -- Part I. The Kantian revolution -- Introduction -- The turning point -- Kant, religion and revolution -- The Christian revolution and its fate -- Part II. Hegel and the French Revolution -- Introduction -- The Holy Roman Empire and the French Revolution -- Absolute freedom and terror -- Revolution and the modern constitutional state -- Part III. The history of political thought -- Introduction -- Hegel's Plato -- After the Hegel Renaissance -- Political thought and its discontents -- Conclusion. | |
| 520 |
_a"This book offers the first historical treatment of Hegel's political ideas since the 1970s. It completely revises our understanding of his response to the French Revolution, the most dramatic and significant event of his age. A fresh account of his take on the Revolution itself provides a new perspective on his thought as a whole. It also illuminates Hegel's relevance to modern politics. Dominant strands of post-War thought have taken the form of a repudiation of Hegel. This reaction has largely been based on dubious arguments and poor scholarship. The alternative analysis offered here contextualizes attempts to disparage Hegel as pursued by strands of critical theory associated with postmodernism. In the process, the book challenges recent onslaughts against so-called "Western" rationalism. It takes issue with the ambition to relativize all values and to represent knowledge as an effect of power"-- _cProvided by publisher. |
||
| 520 |
_a"A new account of the relevance of Hegel's ideas for today's world, countering the postwar anti-Hegel "insurgency"G.W.F. Hegel was widely seen as the greatest philosopher of his age. Ever since, his work has shaped debates about issues as varied as religion, aesthetics and metaphysics. His most lasting contribution was his vision of history and politics. In Hegel's World Revolutions, Richard Bourke returns to Hegel's original arguments, clarifying their true import and illuminating their relevance to contemporary society. Bourke shows that central to Hegel's thought was his anatomy of the modern world. On the one hand he claimed that modernity was a deliverance from subjection, but on the other he saw it as having unleashed the spirit of critical reflection. Bourke explores this predicament in terms of a series of world revolutions that Hegel believed had ushered in the rise of civil society and the emergence of the constitutional state.Bourke interprets Hegel's thought, with particular reference to his philosophy of history, placing it in the context of his own time. He then recounts the reception of Hegel's political ideas, largely over the course of the twentieth century. Countering the postwar revolt against Hegel, Bourke argues that his disparagement by major philosophers has impoverished our approach to history and politics alike. Challenging the condescension of leading thinkers-from Heidegger and Popper to Lévi-Strauss and Foucault-the book revises prevailing views of the relationship between historical ideas and present circumstances"-- _cProvided by publisher. |
||
| 600 | 1 | 0 |
_aHegel, Georg Wilhelm Friedrich, _d1770-1831 _xPolitical and social views. _9752943 |
| 650 | 0 |
_aRevolutions. _929517 |
|
| 650 | 7 |
_aPOLITICAL SCIENCE / History & Theory _2bisacsh _9752944 |
|
| 650 | 7 |
_aHISTORY / Military / Revolutions & Wars of Independence (see also United States / Revolutionary Period (1775-1800)) _2bisacsh _9752945 |
|
| 651 | 0 |
_aFrance _xHistory _yRevolution, 1789-1799 _xInfluence. _9752946 |
|
| 776 | 0 | 8 |
_iOnline version: _aBourke, Richard. _tHegel's world revolutions _dPrinceton, New Jersey : Princeton University Press, 2023 _z9780691253114 _w(DLC) 2023019044 |
| 906 |
_a7 _bcbc _corignew _d1 _eecip _f20 _gy-gencatlg |
||
| 942 |
_2CC _cTB _hR3xL70 R3 _n0 |
||
| 999 |
_c1309359 _d1309359 |
||